01360cam a22003735a 4500001001000000003000400010005001700014008004100031015001900072016001800091020003000109020002700139035002300166038001300189040004800202043001200250082002300262100002300285245008100308250001300389260005700402300002800459504005100487650004400538650003800582651001000620653002500630655002400655700005400679700008300733942000800816999001700824952014500841017414309OSt20171119152722.0150529t2015 enk frb 001 0 eng d aGBB5B70852bnb7 a0174143092Uk a9780414035324 (paperback) a0414035321 (paperback) a(IeDuTC)b162056825 aUkLoRLUK aUK-WkNBbengcUK-WkNBdIeDuTCdUkdEG-ScBUE ae-uk-en04a346.42022bBRO2221 aBrownsword, Roger.10aSmith and Thomas :ba casebook on contract /cby Professor Roger Brownsword. a13th ed. aLondon :bSweet & Maxwell / Thomson Reutters,c2015. axlix, 1002 p. ;c25 cm. aIncludes bibliographical references and index. 7aContractszGreat BritainvCases.2BUEsh 7aContractszEnglandvCases.2BUEsh 2BUEsh bLLAAWWcNovember2017 vReading book9342321 aSmith, J. C.q(John Cyril)tCasebook on contract.1 aThomas, J. A. C.q(Joseph Anthony Charles),d1923-1981.tCasebook on contract. 2ddc c25619d25591 00102ddc40708BaccahaMAINbMAINc1STd2017-11-19ePurchaseg990.00l4m20o346.42022 BROp000046906r2025-07-15 00:00:00s2024-11-21yBB